[Event "Pfalz-ch HT1 86th"]
[Site "Wolfstein"]
[Date "2017.04.14"]
[Round "6"]
[White "Lange, Bernd"]
[Black "Bier, Klaus"]
[Result "1/2-1/2"]
[WhiteElo "1797"]
[BlackElo "1938"]
[PlyCount "51"]
[EventDate "2017.04.07"]
[EventType "swiss"]
[EventRounds "7"]
[EventCountry "GER"]
[SourceTitle "EXT 2018"]
[Source "ChessBase"]
[SourceDate "2017.10.13"]
[SourceVersion "1"]
[SourceVersionDate "2017.10.13"]
[SourceQuality "1"]

1. c4 c5 2. Nc3 g6 3. g3 Bg7 4. Bg2 d6 5. e3 Nc6 6. Nge2 e5 7. 0-0 Nge7 8. Nd5 0-0 9. a3 f5 10. d3 Nxd5 11. Bxd5+ Kh8 12. f4 Qe7 13. Nc3 Be6 14. Rb1 Bxd5 15. Nxd5 Qd7 16. b4 Ne7 17. Qf3 b6 18. b5 Nxd5 19. Qxd5 Rae8 20. Bd2 Qe6 21. Qxe6 Rxe6 22. a4 e4 23. dxe4 Rxe4 24. Rbc1 d5 25. cxd5 Rd8 26. Bc3 1/2-1/2

[Event "Pfalz-ch HT1 86th"]
[Site "Wolfstein"]
[Date "2017.04.08"]
[Round "2"]
[White "Leis, Adalbert"]
[Black "Lange, Bernd"]
[Result "1-0"]
[WhiteElo "2060"]
[BlackElo "1797"]
[PlyCount "27"]
[EventDate "2017.04.07"]
[EventType "swiss"]
[EventRounds "7"]
[EventCountry "GER"]
[SourceTitle "EXT 2018"]
[Source "ChessBase"]
[SourceDate "2017.10.13"]
[SourceVersion "1"]
[SourceVersionDate "2017.10.13"]
[SourceQuality "1"]

1. e4 c5 2. Nf3 g6 3. d4 cxd4 4. Nxd4 Bg7 5. c4 Nc6 6. Be3 Nf6 7. Nc3 0-0 8. Be2 d6 9. 0-0 Ng4 10. Bxg4 Bxg4 11. Nxc6 Bxc3 12. Qxg4 bxc6 13. bxc3 Qa5 14. Qd7 1-0

[Event "Zweibruecken PSB-ch HT5 82nd"]
[Site "Zweibruecken"]
[Date "2013.03.30"]
[Round "7"]
[White "Lange, Bernd"]
[Black "Kratz, Roland"]
[Result "1-0"]
[WhiteElo "1835"]
[BlackElo "1764"]
[PlyCount "75"]
[EventDate "2013.??.??"]
[EventType "swiss"]
[EventRounds "7"]
[EventCountry "GER"]
[SourceTitle "EXT 2014"]
[Source "ChessBase"]
[SourceDate "2013.11.20"]
[SourceVersion "1"]
[SourceVersionDate "2013.11.20"]
[SourceQuality "1"]

1. c4 Nf6 2. Nf3 e6 3. d4 b6 4. a3 Bb7 5. Nc3 Be7 6. Qc2 d5 7. cxd5 exd5 8. g3 Nbd7 9. Bg2 0-0 10. 0-0 Rc8 11. Rd1 c5 12. Qf5 Re8 13. Bf4 Nf8 14. e4 g6 15. Qh3 c4 16. e5 Nh5 17. Be3 Bc6 18. g4 Ng7 19. Qg3 Nfe6 20. Bh3 g5 21. Ne1 b5 22. Ng2 a5 23. f4 gxf4 24. Bxf4 Nxf4 25. Nxf4 Bg5 26. Bg2 Bxf4 27. Qxf4 b4 28. axb4 axb4 29. Ne2 Ra8 30. Rf1 Rf8 31. Qh6 Ne6 32. Rxa8 Bxa8 33. Rf5 Qe7 34. Nf4 Nxf4 35. Rxf4 c3 36. bxc3 bxc3 37. Rf5 c2 38. Rg5+ 1-0

[Event "Zweibruecken PSB-ch HT5 82nd"]
[Site "Zweibruecken"]
[Date "2013.03.23"]
[Round "2"]
[White "Hendrich, Daniel"]
[Black "Lange, Bernd"]
[Result "1/2-1/2"]
[WhiteElo "1693"]
[BlackElo "1835"]
[PlyCount "48"]
[EventDate "2013.??.??"]
[EventType "swiss"]
[EventRounds "7"]
[EventCountry "GER"]
[SourceTitle "EXT 2014"]
[Source "ChessBase"]
[SourceDate "2013.11.20"]
[SourceVersion "1"]
[SourceVersionDate "2013.11.20"]
[SourceQuality "1"]

1. e4 c5 2. Nf3 Nc6 3. d4 cxd4 4. Nxd4 g6 5. Nc3 Bg7 6. Be3 Nf6 7. f3 0-0 8. Qd2 d5 9. exd5 Nxd5 10. Nxd5 Qxd5 11. Nxc6 Qxc6 12. c3 Be6 13. a4 Rfd8 14. Qc2 Bf5 15. Qb3 Be6 16. Qc2 Bc4 17. Kf2 b6 18. Bxc4 Qxc4 19. Rad1 Be5 20. g3 Kg7 21. Rxd8 Rxd8 22. Rd1 Rxd1 23. Qxd1 Qa2 24. Qc2 Qd5 1/2-1/2

[Event "Zweibruecken PSB-ch HT5 82nd"]
[Site "Zweibruecken"]
[Date "2013.03.22"]
[Round "1"]
[White "Lange, Bernd"]
[Black "Dussel, Steffen"]
[Result "1-0"]
[WhiteElo "1835"]
[BlackElo "1493"]
[PlyCount "111"]
[EventDate "2013.??.??"]
[EventType "swiss"]
[EventRounds "7"]
[EventCountry "GER"]
[SourceTitle "EXT 2014"]
[Source "ChessBase"]
[SourceDate "2013.11.20"]
[SourceVersion "1"]
[SourceVersionDate "2013.11.20"]
[SourceQuality "1"]

1. c4 c5 2. Nf3 Nc6 3. g3 g6 4. Bg2 Bg7 5. 0-0 Nf6 6. e3 d5 7. cxd5 Nxd5 8. d4 cxd4 9. Nxd4 Nxd4 10. exd4 0-0 11. Nc3 e6 12. Nxd5 exd5 13. Be3 Be6 14. Rc1 Qb6 15. Qd2 Rac8 16. b3 Rfe8 17. Rc5 Rxc5 18. dxc5 Qc6 19. Rc1 Rc8 20. Bf3 a6 21. Kg2 Qd7 22. Bd4 Rc6 23. Bxg7 Kxg7 24. Qd4+ f6 25. Rd1 Kf7 26. g4 Rc7 27. b4 Qd8 28. Bxd5 Bxd5+ 29. Qxd5+ Qxd5+ 30. Rxd5 Ke7 31. h4 Rc6 32. h5 b6 33. cxb6 Rxb6 34. a3 Rb7 35. Kf3 Rc7 36. Ra5 Rc6 37. hxg6 hxg6 38. Ke3 Ke6 39. Kd4 Kd6 40. f4 Ke6 41. f5+ gxf5 42. gxf5+ Kd6 43. Rc5 Rb6 44. Rd5+ Kc7 45. Kc4 Kc6 46. a4 Rxb4+ 47. Kxb4 Kxd5 48. Ka5 Ke5 49. Kxa6 Kxf5 50. Kb7 Kg4 51. a5 f5 52. a6 f4 53. a7 f3 54. a8Q f2 55. Qa1 Kg3 56. Qf1 1-0